[Event "Aarhus Masters Open"]
[Site "Aarhus"]
[Date "1998.??.??"]
[Round "5"]
[White "Alkaersig, Ole"]
[Black "Lindfeldt, Jan Magnus"]
[Result "0-1"]
[WhiteElo "2170"]
[BlackElo "2230"]
[PlyCount "54"]
[EventDate "1998.??.??"]
[EventType "swiss"]
[EventRounds "7"]
[EventCountry "DEN"]
[SourceTitle "EXT 1999"]
[Source "ChessBase"]
[SourceDate "1998.11.10"]

1. e4 e5 2. Nc3 Nf6 3. Bc4 Nxe4 4. Qh5 Nd6 5. Bb3 Nc6 6. Nb5 g6 7. Qf3 f5 8.
Qd5 Qe7 9. Nxc7+ Kd8 10. Nxa8 b6 11. d3 Bb7 12. h4 f4 13. Qf3 Nd4 14. Qg4 Bxa8
15. Bd2 N6f5 16. c3 Nxb3 17. axb3 d6 18. Qg5 Kc8 19. Qxe7 Bxe7 20. Rxa7 Bxg2
21. Rh2 Bb7 22. h5 Nh4 23. hxg6 Rg8 24. Rxb7 Kxb7 25. gxh7 Rxg1+ 26. Ke2 f3+
27. Ke3 Rg4 0-1

[Event "Aarhus Masters Open"]
[Site "Aarhus"]
[Date "1998.??.??"]
[Round "3"]
[White "Alkaersig, Ole"]
[Black "Matthiesen, Arne"]
[Result "1/2-1/2"]
[WhiteElo "2170"]
[BlackElo "2280"]
[PlyCount "70"]
[EventDate "1998.??.??"]
[EventType "swiss"]
[EventRounds "7"]
[EventCountry "DEN"]
[SourceTitle "EXT 1999"]
[Source "ChessBase"]
[SourceDate "1998.11.10"]

1. e4 c5 2. Nf3 e6 3. c3 d5 4. e5 Nc6 5. d4 Bd7 6. Be2 Nge7 7. Na3 cxd4 8. cxd4
Nf5 9. Nc2 Qb6 10. O-O Nb4 11. Nxb4 Qxb4 12. g4 Ne7 13. Ne1 Bb5 14. Nc2 Bxe2
15. Qxe2 Qb6 16. Bd2 Nc6 17. b4 Be7 18. Qd3 h5 19. g5 g6 20. a4 Qd8 21. f4 Rc8
22. Rfc1 O-O 23. Rab1 a6 24. b5 axb5 25. axb5 Na5 26. Ne3 Nc4 27. Nxc4 dxc4 28.
Rxc4 Qd5 29. Rxc8 Rxc8 30. Rc1 Ra8 31. Qc4 Qf3 32. d5 exd5 33. Qd4 Bd8 34. e6
Qg4+ 35. Kh1 Qf3+ 1/2-1/2

[Event "Aarhus Masters Open"]
[Site "Aarhus"]
[Date "1998.??.??"]
[Round "4"]
[White "Fries Nielsen, Jens Ove"]
[Black "Nielsen, Poul Erik"]
[Result "1-0"]
[WhiteElo "2395"]
[BlackElo "2230"]
[PlyCount "79"]
[EventDate "1998.??.??"]
[EventType "swiss"]
[EventRounds "7"]
[EventCountry "DEN"]
[SourceTitle "EXT 1999"]
[Source "ChessBase"]
[SourceDate "1998.11.10"]

1. e4 e5 2. Nc3 Nf6 3. Nf3 d6 4. d4 Nbd7 5. a4 exd4 6. Qxd4 g6 7. Bc4 Bg7 8.
Bg5 h6 9. Bh4 O-O 10. O-O g5 11. Bg3 Nh5 12. Qe3 Nxg3 13. hxg3 Nf6 14. Nh2 Qe7
15. Rad1 Be6 16. Bxe6 Qxe6 17. Rfe1 Rfe8 18. Qd3 Nd7 19. Nb5 Nc5 20. Qa3 Qc8
21. f3 h5 22. Nd4 Qd7 23. a5 Qa4 24. Qe3 Ne6 25. Nxe6 Rxe6 26. Qxg5 Re5 27. Qd2
Qxa5 28. c3 Qb6+ 29. Kh1 a5 30. Nf1 Rb5 31. Re2 Re8 32. Qc2 Bh6 33. f4 h4 34.
Rd3 Kf8 35. Rf3 hxg3 36. Nxg3 Qa6 37. e5 dxe5 38. Qh7 e4 39. Qh8+ Ke7 40. Rxe4+
1-0

[Event "Aarhus Masters Open"]
[Site "Aarhus"]
[Date "1998.??.??"]
[Round "6"]
[White "Fries Nielsen, Jens Ove"]
[Black "Rewitz, Poul"]
[Result "1-0"]
[WhiteElo "2395"]
[BlackElo "2335"]
[PlyCount "84"]
[EventDate "1998.??.??"]
[EventType "swiss"]
[EventRounds "7"]
[EventCountry "DEN"]
[SourceTitle "EXT 1999"]
[Source "ChessBase"]
[SourceDate "1998.11.10"]

1. d4 g6 2. e4 Bg7 3. Nf3 c6 4. Bd3 d5 5. e5 Bg4 6. Nbd2 e6 7. h3 Bxf3 8. Nxf3
Nd7 9. O-O h6 10. c3 Ne7 11. a4 c5 12. b4 cxd4 13. cxd4 Nf5 14. a5 a6 15. Bd2
O-O 16. b5 f6 17. bxa6 bxa6 18. exf6 Qxf6 19. Qe2 e5 20. dxe5 Nxe5 21. Qxe5
Qxe5 22. Nxe5 Bxe5 23. Rac1 Rf6 24. g4 Nh4 25. f4 Bd4+ 26. Kh1 Rb8 27. Rb1 Rxb1
28. Bxb1 Re6 29. Ba2 Rd6 30. Bb4 Rd7 31. Rd1 Be3 32. Rxd5 Rxd5 33. Bxd5+ Kh7
34. Be1 g5 35. f5 Bd4 36. Bg3 Kg7 37. Bc7 Kf6 38. Bb7 Ke7 39. Bb6 Bxb6 40. axb6
a5 41. Be4 Kd6 42. f6 a4 1-0

[Event "Aarhus Masters Open"]
[Site "Aarhus"]
[Date "1998.??.??"]
[Round "1"]
[White "Fries Nielsen, Jens Ove"]
[Black "Jensen, Jacob Bjerre"]
[Result "1-0"]
[WhiteElo "2395"]
[BlackElo "2175"]
[PlyCount "49"]
[EventDate "1998.??.??"]
[EventType "swiss"]
[EventRounds "7"]
[EventCountry "DEN"]
[SourceTitle "EXT 1999"]
[Source "ChessBase"]
[SourceDate "1998.11.10"]

1. b3 e5 2. Bb2 Nc6 3. e3 d6 4. c4 Be7 5. Nc3 Nf6 6. Nf3 O-O 7. d4 Bg4 8. Be2
exd4 9. Nxd4 Bxe2 10. Ndxe2 Ne5 11. O-O c6 12. Qc2 a6 13. Nd4 Qd7 14. Rad1 b5
15. cxb5 axb5 16. h3 Rfe8 17. a4 bxa4 18. Nxa4 Nd5 19. Nf5 Qe6 20. f4 Ng6 21.
e4 Nf6 22. Nxg7 Kxg7 23. f5 Qd7 24. fxg6 hxg6 25. e5 1-0

[Event "Aarhus Masters Open"]
[Site "Aarhus"]
[Date "1998.??.??"]
[Round "2"]
[White "Hansen, Bjarne"]
[Black "Matthiesen, Martin"]
[Result "0-1"]
[WhiteElo "2245"]
[BlackElo "2265"]
[PlyCount "80"]
[EventDate "1998.??.??"]
[EventType "swiss"]
[EventRounds "7"]
[EventCountry "DEN"]
[SourceTitle "EXT 1999"]
[Source "ChessBase"]
[SourceDate "1998.11.10"]

1. d4 Nf6 2. Nf3 e6 3. Bf4 b6 4. e3 Bb7 5. Nbd2 c5 6. Bd3 Nc6 7. c3 cxd4 8.
exd4 Be7 9. h3 O-O 10. Qe2 Rc8 11. O-O d6 12. Rad1 Nb8 13. Rfe1 Re8 14. Nf1
Nbd7 15. Bb5 Qc7 16. Ng3 Bd5 17. Ba4 Bxa2 18. Bc2 Bc4 19. Qd2 b5 20. Bg5 b4 21.
Qf4 bxc3 22. b3 Bd5 23. Nh4 Rb8 24. Rb1 Nf8 25. Re3 Ng6 26. Nxg6 hxg6 27. h4
Rb4 28. Bxf6 Bxf6 29. Ne2 Qd8 30. Qh2 Bxd4 31. Rh3 Qf6 32. Qg3 Rc8 33. h5 g5
34. Rf1 Bxb3 35. Qxd6 Bc5 36. Qa6 Qd8 37. Rd3 Qc7 38. Bxb3 Rxb3 39. Qa4 Rb4 40.
Qc2 Rb2 0-1

[Event "Aarhus Masters Open"]
[Site "Aarhus"]
[Date "1998.??.??"]
[Round "5"]
[White "Hansen, Bjarne"]
[Black "Windelboe, Werner"]
[Result "0-1"]
[WhiteElo "2245"]
[BlackElo "2205"]
[PlyCount "81"]
[EventDate "1998.??.??"]
[EventType "swiss"]
[EventRounds "7"]
[EventCountry "DEN"]
[SourceTitle "EXT 1999"]
[Source "ChessBase"]
[SourceDate "1998.11.10"]

1. d4 b5 2. e4 a6 3. c4 e6 4. cxb5 axb5 5. Bxb5 Bb7 6. Nc3 Bb4 7. f3 Qh4+ 8. g3
Qh5 9. Qd3 Ra5 10. Bc4 f5 11. Nge2 Bxc3+ 12. Nxc3 fxe4 13. fxe4 Nf6 14. O-O Ng4
15. Qe2 Nc6 16. Be3 Qh3 17. Rf4 Rg5 18. Kh1 e5 19. Rf3 Rh5 20. Bf7+ Kd8 21.
Bxh5 Qxh5 22. d5 Ba6 23. Qg2 Nd4 24. Bxd4 exd4 25. Ne2 Nxh2 26. Rf5 Qxe2 27.
Rf2 Qe3 28. Kxh2 Bd3 29. Rd1 Bxe4 30. Re2 Bxg2 31. Rxe3 dxe3 32. Kxg2 Rf8 33.
Rb1 Rf2+ 34. Kh3 Rd2 35. d6 Rxd6 36. Re1 Rd2 37. b4 Rxa2 38. Rxe3 Rb2 39. Re4
d5 40. Rd4 c6 41. Rg4 0-1

[Event "Aarhus Masters Open"]
[Site "Aarhus"]
[Date "1998.??.??"]
[Round "3"]
[White "Hansen, Bjarne"]
[Black "Jensen, Jacob Bjerre"]
[Result "0-1"]
[WhiteElo "2245"]
[BlackElo "2175"]
[PlyCount "96"]
[EventDate "1998.??.??"]
[EventType "swiss"]
[EventRounds "7"]
[EventCountry "DEN"]
[SourceTitle "EXT 1999"]
[Source "ChessBase"]
[SourceDate "1998.11.10"]

1. d4 Nf6 2. Nf3 d6 3. c4 Nbd7 4. Nc3 e5 5. e4 Be7 6. Be2 O-O 7. O-O c6 8. Re1
a6 9. Bf1 b5 10. c5 Qc7 11. cxd6 Bxd6 12. h3 exd4 13. Nxd4 Nc5 14. Qc2 Re8 15.
a3 Bh2+ 16. Kh1 Be5 17. Be3 Ne6 18. Nf3 Bf4 19. g3 Bxe3 20. Rxe3 Bb7 21. e5 c5
22. Bg2 Nd4 23. Qd1 Rad8 24. exf6 Rxe3 25. fxe3 Nxf3 26. Nd5 Bxd5 27. Bxf3 Ba8
28. Qf1 Qxg3 29. Bxa8 Rxa8 30. Re1 Rd8 31. Re2 g6 32. e4 Qe5 33. Qf3 Rd6 34.
Rf2 Rd4 35. Kg2 Qxe4 36. Re2 Qxf3+ 37. Kxf3 Kf8 38. Re5 Rd6 39. Rxc5 Rxf6+ 40.
Ke4 Kg7 41. b4 Re6+ 42. Kd4 Rd6+ 43. Ke5 Rd3 44. a4 bxa4 45. Ra5 a3 46. Rxa6
Rb3 47. Ra4 a2 48. Rxa2 Rxb4 0-1

[Event "Aarhus Masters Open"]
[Site "Aarhus"]
[Date "1998.??.??"]
[Round "5"]
[White "Holst, Allan"]
[Black "Matthiesen, Arne"]
[Result "1/2-1/2"]
[WhiteElo "2365"]
[BlackElo "2280"]
[PlyCount "90"]
[EventDate "1998.??.??"]
[EventType "swiss"]
[EventRounds "7"]
[EventCountry "DEN"]
[SourceTitle "EXT 1999"]
[Source "ChessBase"]
[SourceDate "1998.11.10"]

1. c4 g6 2. Nf3 Bg7 3. d4 Nf6 4. Nc3 O-O 5. e4 d6 6. Be2 Bg4 7. Be3 Nfd7 8. Ng1
Bxe2 9. Ngxe2 c5 10. d5 Qa5 11. Qc2 b5 12. cxb5 a6 13. b6 Nxb6 14. O-O Nc4 15.
Bg5 Re8 16. Rac1 h6 17. Bf4 Nd7 18. Nd1 Nce5 19. b3 Qb5 20. Nb2 Qb7 21. Bd2 Nb6
22. Bc3 e6 23. dxe6 Rxe6 24. f4 Ned7 25. Bxg7 Kxg7 26. Ng3 d5 27. e5 Rc8 28.
Qf2 Rf8 29. f5 Rxe5 30. Nd3 Ree8 31. Nxc5 Nxc5 32. Qxc5 Nd7 33. Qd4+ Kg8 34.
Kh1 Re5 35. Qh4 Kg7 36. Qg4 Nf6 37. Qd4 Rfe8 38. fxg6 fxg6 39. Qf4 R8e6 40. Rc2
Qe7 41. Qd4 Re1 42. Rcf2 Rxf1+ 43. Rxf1 Rc6 44. Qd3 Qe5 45. Ne2 Qe4 1/2-1/2

[Event "Aarhus Masters Open"]
[Site "Aarhus"]
[Date "1998.??.??"]
[Round "2"]
[White "Holst, Allan"]
[Black "Skytte, Rasmus"]
[Result "1-0"]
[WhiteElo "2365"]
[BlackElo "2205"]
[PlyCount "79"]
[EventDate "1998.??.??"]
[EventType "swiss"]
[EventRounds "7"]
[EventCountry "DEN"]
[SourceTitle "EXT 1999"]
[Source "ChessBase"]
[SourceDate "1998.11.10"]

1. Nf3 c5 2. c4 Nc6 3. Nc3 g6 4. e3 d6 5. Be2 Bg7 6. d4 Bg4 7. d5 Bxf3 8. Bxf3
Ne5 9. Be2 Nf6 10. O-O O-O 11. f4 Ned7 12. e4 a6 13. a4 b6 14. Kh1 Ne8 15. Bd2
Nc7 16. Qc2 Rb8 17. Rab1 a5 18. Rbe1 Na6 19. Nb5 Nb4 20. Qb3 Nf6 21. Bf3 Ne8
22. Bg4 Rb7 23. Re2 Na6 24. Qh3 Nac7 25. Bc8 Nxb5 26. Bxb7 Nd4 27. Ree1 f5 28.
Ba6 Nf6 29. exf5 gxf5 30. Bc3 Ne4 31. g4 Kh8 32. Qg2 Rg8 33. gxf5 Nxc3 34. bxc3
Nxf5 35. Qh3 Qf8 36. Bb5 Qf6 37. Bd7 Nh4 38. Re6 Qxc3 39. Qxc3 Bxc3 40. Rxe7
1-0

[Event "Aarhus Masters Open"]
[Site "Aarhus"]
[Date "1998.??.??"]
[Round "5"]
[White "Jensen, Vagn"]
[Black "Rasmussen, Casper Dahl"]
[Result "1-0"]
[WhiteElo "2240"]
[BlackElo "2245"]
[PlyCount "81"]
[EventDate "1998.??.??"]
[EventType "swiss"]
[EventRounds "7"]
[EventCountry "DEN"]
[SourceTitle "EXT 1999"]
[Source "ChessBase"]
[SourceDate "1998.11.10"]

1. d4 c5 2. d5 e6 3. e4 Nf6 4. Nc3 exd5 5. e5 Ng8 6. Qxd5 Ne7 7. Qe4 Ng6 8. Nf3
Be7 9. h4 Nc6 10. Bc4 a6 11. Bg5 b5 12. Bd5 Bb7 13. O-O-O Nf8 14. Qf4 Ne6 15.
Bxe6 fxe6 16. Ne4 Rf8 17. Qg3 Qb6 18. Bxe7 Nxe7 19. Nd6+ Kd8 20. Qxg7 Rf4 21.
Ng5 Bd5 22. Ngf7+ Kc7 23. Qg5 Ra4 24. Qxe7 Rxa2 25. Ne8+ Rxe8 26. Qxe8 Ra1+ 27.
Kd2 Qa5+ 28. c3 Rxd1+ 29. Rxd1 Qa2 30. Qd8+ Kc6 31. Nd6 Qxb2+ 32. Ke3 Qxc3+ 33.
Kf4 h6 34. Qc8+ Kb6 35. Qd8+ Kc6 36. Qa8+ Kb6 37. Rxd5 exd5 38. Qxd5 Qc2 39.
Ne4 b4 40. Qd6+ Kb5 41. Qxd7+ 1-0

[Event "Aarhus Masters Open"]
[Site "Aarhus"]
[Date "1998.??.??"]
[Round "3"]
[White "Jensen, Vagn"]
[Black "Fries Nielsen, Jens Ove"]
[Result "1/2-1/2"]
[WhiteElo "2240"]
[BlackElo "2395"]
[PlyCount "40"]
[EventDate "1998.??.??"]
[EventType "swiss"]
[EventRounds "7"]
[EventCountry "DEN"]
[SourceTitle "EXT 1999"]
[Source "ChessBase"]
[SourceDate "1998.11.10"]

1. e4 c5 2. Nf3 e6 3. d4 cxd4 4. Nxd4 a6 5. Bd3 Qc7 6. O-O Nf6 7. Nc3 h5 8. Kh1
Bc5 9. Nb3 Ba7 10. f4 h4 11. Qf3 b5 12. Be3 Bb7 13. Bxa7 Rxa7 14. Qe3 h3 15.
gxh3 Ba8 16. Kg1 b4 17. Ne2 Nc6 18. Nbd4 Qb6 19. Rf3 Nxd4 20. Nxd4 d6 1/2-1/2

[Event "Aarhus Masters Open"]
[Site "Aarhus"]
[Date "1998.??.??"]
[Round "7"]
[White "Lindfeldt, Jan Magnus"]
[Black "Nielsen, Poul Erik"]
[Result "0-1"]
[WhiteElo "2230"]
[BlackElo "2230"]
[PlyCount "46"]
[EventDate "1998.??.??"]
[EventType "swiss"]
[EventRounds "7"]
[EventCountry "DEN"]
[SourceTitle "EXT 1999"]
[Source "ChessBase"]
[SourceDate "1998.11.10"]

1. e4 g6 2. d4 Bg7 3. c4 d6 4. Nc3 Nd7 5. f4 c5 6. d5 Bxc3+ 7. bxc3 Qa5 8. Bd2
Ngf6 9. Bd3 b5 10. Qe2 bxc4 11. Bxc4 O-O 12. e5 Nh5 13. Rb1 Nb6 14. Bb3 c4 15.
Bxc4 Nxc4 16. Qxc4 Ba6 17. Qe4 Qxa2 18. Rb4 Rab8 19. Ne2 Rxb4 20. cxb4 Rc8 21.
g4 Bxe2 22. Kxe2 Rc4 23. Qb1 Nxf4+ 0-1

[Event "Aarhus Masters Open"]
[Site "Aarhus"]
[Date "1998.??.??"]
[Round "3"]
[White "Lindfeldt, Jan Magnus"]
[Black "Pedersen, Bjarne"]
[Result "1-0"]
[WhiteElo "2230"]
[BlackElo "2205"]
[PlyCount "79"]
[EventDate "1998.??.??"]
[EventType "swiss"]
[EventRounds "7"]
[EventCountry "DEN"]
[SourceTitle "EXT 1999"]
[Source "ChessBase"]
[SourceDate "1998.11.10"]

1. e4 g6 2. d4 Bg7 3. c4 d6 4. Nc3 Nd7 5. Nge2 e5 6. Be3 a6 7. Qd2 Rb8 8. h4 h5
9. f3 Ne7 10. Bg5 f6 11. Be3 Nc6 12. Nd5 Ne7 13. Rg1 Nxd5 14. cxd5 exd4 15.
Nxd4 Ne5 16. Rc1 Bd7 17. Be2 Kf7 18. b3 Rc8 19. Kf2 f5 20. Bg5 Bf6 21. exf5
Bxf5 22. Nxf5 gxf5 23. f4 Ng4+ 24. Bxg4 hxg4 25. Rge1 Re8 26. Rxe8 Qxe8 27. Re1
Qh8 28. Qd3 Bxg5 29. hxg5 Qh4+ 30. Qg3 Qxg3+ 31. Kxg3 Re8 32. Rxe8 Kxe8 33. Kf2
c5 34. dxc6 bxc6 35. b4 Kd7 36. Ke3 c5 37. bxc5 dxc5 38. Kd3 g3 39. Kc4 Kd6 40.
a3 1-0

[Event "Aarhus Masters Open"]
[Site "Aarhus"]
[Date "1998.??.??"]
[Round "2"]
[White "Matthiesen, Arne"]
[Black "Rewitz, Poul"]
[Result "1/2-1/2"]
[WhiteElo "2280"]
[BlackElo "2335"]
[PlyCount "99"]
[EventDate "1998.??.??"]
[EventType "swiss"]
[EventRounds "7"]
[EventCountry "DEN"]
[SourceTitle "EXT 1999"]
[Source "ChessBase"]
[SourceDate "1998.11.10"]

1. e4 e6 2. d4 d5 3. Nc3 dxe4 4. Nxe4 Nd7 5. Nf3 Ngf6 6. Nxf6+ Nxf6 7. Bd3 b6
8. Ne5 Bb7 9. Bb5+ c6 10. Bc4 Be7 11. O-O O-O 12. c3 c5 13. dxc5 Qxd1 14. Rxd1
Bxc5 15. Nd3 Rfd8 16. Bg5 Be7 17. a4 Rac8 18. Bb3 Kf8 19. Ne5 Ne4 20. Be3 Nc5
21. Bxc5 Bxc5 22. Nd7+ Ke7 23. Nxc5 Rxd1+ 24. Rxd1 Rxc5 25. f4 h6 26. Rd4 g5
27. g3 Rc8 28. Kf2 Rc5 29. Ke3 gxf4+ 30. Rxf4 Rh5 31. h4 Re5+ 32. Kf2 Be4 33.
Bd1 f5 34. Bf3 Bxf3 35. Kxf3 h5 36. Rc4 Rc5 37. Rd4 e5 38. Rd1 Rc4 39. Rd5 Ke6
40. Rd8 Rxa4 41. Rh8 Ra2 42. Rh6+ Kd5 43. Rxh5 Rxb2 44. Rxf5 Rc2 45. h5 Rxc3+
46. Kg2 Ke6 47. Rf8 Ke7 48. Rf5 Ke6 49. Rf8 Ke7 50. Rf5 1/2-1/2

[Event "Aarhus Masters Open"]
[Site "Aarhus"]
[Date "1998.??.??"]
[Round "7"]
[White "Matthiesen, Arne"]
[Black "Fries Nielsen, Jens Ove"]
[Result "1/2-1/2"]
[WhiteElo "2280"]
[BlackElo "2395"]
[PlyCount "76"]
[EventDate "1998.??.??"]
[EventType "swiss"]
[EventRounds "7"]
[EventCountry "DEN"]
[SourceTitle "EXT 1999"]
[Source "ChessBase"]
[SourceDate "1998.11.10"]

1. d4 g6 2. e4 Bg7 3. c4 d6 4. Nc3 Nd7 5. g4 c6 6. Be3 a6 7. a4 Qa5 8. Ra3 e5
9. d5 Ne7 10. Nge2 cxd5 11. cxd5 Nc5 12. Ng3 Qb4 13. Be2 Bd7 14. O-O Rc8 15. h3
O-O 16. Kg2 f5 17. Bxc5 Qxc5 18. exf5 gxf5 19. gxf5 Nxf5 20. Nxf5 Bxf5 21. Bg4
Bxg4 22. Qxg4 Rf4 23. Qe6+ Kh8 24. Nd1 Rf6 25. Qd7 Qxd5+ 26. Kh2 Rcf8 27. Rg3
R6f7 28. Qg4 Bh6 29. Rg2 Rg7 30. Nc3 Qf7 31. Qe4 Bf4+ 32. Kg1 Rfg8 33. Rxg7
Rxg7+ 34. Kh1 Qh5 35. Qd3 Bg3 36. Kg2 Bf4+ 37. Kh1 Bg3 38. Kg2 Bf4+ 1/2-1/2

[Event "Aarhus Masters Open"]
[Site "Aarhus"]
[Date "1998.??.??"]
[Round "6"]
[White "Matthiesen, Martin"]
[Black "Pedersen, Bjarne"]
[Result "1/2-1/2"]
[WhiteElo "2265"]
[BlackElo "2205"]
[PlyCount "82"]
[EventDate "1998.??.??"]
[EventType "swiss"]
[EventRounds "7"]
[EventCountry "DEN"]
[SourceTitle "EXT 1999"]
[Source "ChessBase"]
[SourceDate "1998.11.10"]

1. d4 c5 2. d5 e5 3. c4 d6 4. e4 Be7 5. Nf3 Nd7 6. Nc3 Nf8 7. g3 Nf6 8. Rb1 Ng6
9. h4 h5 10. b4 cxb4 11. Rxb4 b6 12. Bh3 Bxh3 13. Rxh3 Nd7 14. Be3 Qc8 15. Qe2
Ngf8 16. Kf1 Nc5 17. Kg2 Nfd7 18. Rh1 g6 19. a4 Nf6 20. Ng5 Nfd7 21. f3 Bxg5
22. Bxg5 f6 23. Bd2 Ke7 24. Ra1 Rb8 25. Nb5 Ra8 26. Rbb1 a6 27. Nc3 Rb8 28. Ra3
Qc7 29. Na2 Rb7 30. Nb4 Kf7 31. f4 exf4 32. Bxf4 Re8 33. Re3 a5 34. Nc6 Nxa4
35. Nd4 Ne5 36. Bxe5 dxe5 37. Ne6 Qd7 38. Rf1 Nc5 39. Nxc5 bxc5 40. Ref3 Rb6
41. Qd2 Ra6 1/2-1/2

[Event "Aarhus Masters Open"]
[Site "Aarhus"]
[Date "1998.??.??"]
[Round "7"]
[White "Matthiesen, Martin"]
[Black "Windelboe, Werner"]
[Result "1-0"]
[WhiteElo "2265"]
[BlackElo "2205"]
[PlyCount "65"]
[EventDate "1998.??.??"]
[EventType "swiss"]
[EventRounds "7"]
[EventCountry "DEN"]
[SourceTitle "EXT 1999"]
[Source "ChessBase"]
[SourceDate "1998.11.10"]

1. e4 d6 2. d4 g6 3. Nc3 Nf6 4. f4 Bg7 5. Nf3 O-O 6. Bd3 c5 7. dxc5 dxc5 8. e5
Nd5 9. Nxd5 Qxd5 10. Qe2 Nc6 11. c3 Bg4 12. O-O Rad8 13. Bc4 Qd7 14. Be3 Na5
15. Bb5 Qc7 16. b4 cxb4 17. cxb4 Nc6 18. Rac1 Qb8 19. Bxc6 bxc6 20. a3 Qb7 21.
Rc3 Be6 22. Nd4 Bd5 23. Rfc1 Rc8 24. Qc2 f6 25. Nxc6 Rxc6 26. Rxc6 fxe5 27. Rc7
Qa6 28. Rxa7 Qe6 29. Qc5 Bxg2 30. Qxe7 Qxe7 31. Rxe7 exf4 32. Rxg7+ Kxg7 33.
Bd4+ 1-0

[Event "Aarhus Masters Open"]
[Site "Aarhus"]
[Date "1998.??.??"]
[Round "3"]
[White "Matthiesen, Martin"]
[Black "Rendboe, John Filip"]
[Result "0-1"]
[WhiteElo "2265"]
[BlackElo "2320"]
[PlyCount "40"]
[EventDate "1998.??.??"]
[EventType "swiss"]
[EventRounds "7"]
[EventCountry "DEN"]
[SourceTitle "EXT 1999"]
[Source "ChessBase"]
[SourceDate "1998.11.10"]

1. d4 d5 2. c4 e6 3. Nc3 Be7 4. cxd5 exd5 5. Bf4 c6 6. Qc2 Nf6 7. e3 Nbd7 8. h3
O-O 9. Bd3 Re8 10. Nge2 Nf8 11. g4 Qa5 12. Bh2 b5 13. O-O-O Bd7 14. Kb1 Rac8
15. Ng3 c5 16. g5 Ne4 17. Bxe4 cxd4 18. Bxd5 dxc3 19. Nf5 Bxf5 20. Qxf5 c2+ 0-1

[Event "Aarhus Masters Open"]
[Site "Aarhus"]
[Date "1998.??.??"]
[Round "1"]
[White "Nielsen, Poul Erik"]
[Black "Pedersen, Bjarne"]
[Result "1-0"]
[WhiteElo "2230"]
[BlackElo "2205"]
[PlyCount "75"]
[EventDate "1998.??.??"]
[EventType "swiss"]
[EventRounds "7"]
[EventCountry "DEN"]
[SourceTitle "EXT 1999"]
[Source "ChessBase"]
[SourceDate "1998.11.10"]

1. Nf3 g6 2. d4 Bg7 3. e4 d6 4. c3 Nf6 5. Bd3 O-O 6. O-O c6 7. Re1 Bg4 8. h3
Bxf3 9. Qxf3 e5 10. dxe5 dxe5 11. a4 Nbd7 12. Na3 Nc5 13. Bc2 Qc7 14. Bg5 Nfd7
15. Rad1 Rfe8 16. Bc1 Rad8 17. Nc4 Nb6 18. Nxb6 axb6 19. Be3 Rxd1 20. Rxd1 Rd8
21. a5 Rxd1+ 22. Bxd1 Qd6 23. Bxc5 bxc5 24. Bb3 Qd7 25. Qe2 Bf8 26. Qc4 Bd6 27.
a6 bxa6 28. Qxa6 Bf8 29. g3 Kg7 30. Kg2 h5 31. h4 Kg8 32. Ba4 Qd2 33. Bxc6 Qxb2
34. Bd5 Kg7 35. Qa7 Bd6 36. Qxf7+ Kh6 37. Qf6 Qb8 38. Bf7 1-0

[Event "Aarhus Masters Open"]
[Site "Aarhus"]
[Date "1998.??.??"]
[Round "5"]
[White "Nielsen, Poul Erik"]
[Black "Rewitz, Poul"]
[Result "1-0"]
[WhiteElo "2230"]
[BlackElo "2335"]
[PlyCount "104"]
[EventDate "1998.??.??"]
[EventType "swiss"]
[EventRounds "7"]
[EventCountry "DEN"]
[SourceTitle "EXT 1999"]
[Source "ChessBase"]
[SourceDate "1998.11.10"]

1. b3 e5 2. Bb2 d6 3. d4 Nc6 4. dxe5 Nxe5 5. e3 Nf6 6. Nf3 Nxf3+ 7. Qxf3 Be7 8.
c4 Qd7 9. Nc3 Qg4 10. Nb5 Qxf3 11. gxf3 Kd8 12. O-O-O a6 13. Nc3 c6 14. Rg1 Ne8
15. c5 Kc7 16. cxd6+ Bxd6 17. Ne4 Be7 18. Bc4 f6 19. Bf7 g6 20. Bxe8 Rxe8 21.
Bxf6 Bxf6 22. Nxf6 Re7 23. f4 Bf5 24. Rd4 a5 25. Kb2 Rd8 26. Rxd8 Kxd8 27. Kc3
b5 28. a3 Rf7 29. Ng4 Rc7 30. Ne5 c5 31. h4 b4+ 32. Kb2 Be6 33. Rc1 Ke7 34.
axb4 axb4 35. Ra1 Kf6 36. Ra6 Ke7 37. Ra8 Bd5 38. Rh8 Kf6 39. f3 Kg7 40. Rd8
Be6 41. Rd6 Bh3 42. e4 Bf1 43. f5 gxf5 44. exf5 Rc8 45. f6+ Kh6 46. Nd7 Kg6 47.
h5+ Kf7 48. Ne5+ Kg8 49. Rd7 Bh3 50. Rg7+ Kf8 51. Rxh7 Kg8 52. Rg7+ Kf8 1-0

[Event "Aarhus Masters Open"]
[Site "Aarhus"]
[Date "1998.??.??"]
[Round "3"]
[White "Nielsen, Poul Erik"]
[Black "Holst, Allan"]
[Result "1-0"]
[WhiteElo "2230"]
[BlackElo "2365"]
[PlyCount "97"]
[EventDate "1998.??.??"]
[EventType "swiss"]
[EventRounds "7"]
[EventCountry "DEN"]
[SourceTitle "EXT 1999"]
[Source "ChessBase"]
[SourceDate "1998.11.10"]

1. b4 d5 2. Bb2 Bg4 3. h3 Bh5 4. c4 e6 5. Qb3 Nf6 6. e3 Be7 7. Ne2 c6 8. Nf4
Bg6 9. b5 Nbd7 10. d4 O-O 11. Nxg6 fxg6 12. Bd3 a6 13. a4 Kh8 14. Nd2 axb5 15.
axb5 Rxa1+ 16. Bxa1 Qc7 17. Nf3 Ra8 18. O-O Ra3 19. Qb1 Kg8 20. Bb2 Ra8 21. Rc1
Qd8 22. Qc2 Bd6 23. Ne5 Bxe5 24. dxe5 Ne8 25. cxd5 cxd5 26. Bd4 Nb6 27. Qb3 Nc8
28. Qb4 Ne7 29. Rc2 Nf5 30. b6 Kf7 31. Bc5 Qg5 32. Kh2 Ra1 33. Qg4 Qd8 34. Qf3
Kg8 35. g4 Qg5 36. Qf4 Qxf4+ 37. exf4 Nh4 38. Bb5 Nf3+ 39. Kg3 Ne1 40. Rc3 Kf7
41. Be3 Rb1 42. Rc7+ Nxc7 43. bxc7 Rxb5 44. c8=Q Rb3 45. Qd7+ Kf8 46. Qxe6 Rd3
47. Qd7 d4 48. e6 dxe3 49. Qf7# 1-0

[Event "Aarhus Masters Open"]
[Site "Aarhus"]
[Date "1998.??.??"]
[Round "7"]
[White "Pedersen, Bjarne"]
[Black "Rendboe, John Filip"]
[Result "1/2-1/2"]
[WhiteElo "2205"]
[BlackElo "2320"]
[PlyCount "23"]
[EventDate "1998.??.??"]
[EventType "swiss"]
[EventRounds "7"]
[EventCountry "DEN"]
[SourceTitle "EXT 1999"]
[Source "ChessBase"]
[SourceDate "1998.11.10"]

1. d4 d5 2. c4 e6 3. Nc3 Be7 4. cxd5 exd5 5. Bf4 c6 6. e3 Bf5 7. g4 Bg6 8. h4
h5 9. g5 Qa5 10. Bxb8 Rxb8 11. Bd3 Bb4 12. Nge2 1/2-1/2

[Event "Aarhus Masters Open"]
[Site "Aarhus"]
[Date "1998.??.??"]
[Round "5"]
[White "Pedersen, Bjarne"]
[Black "Jensen, Jacob Bjerre"]
[Result "1-0"]
[WhiteElo "2205"]
[BlackElo "2175"]
[PlyCount "53"]
[EventDate "1998.??.??"]
[EventType "swiss"]
[EventRounds "7"]
[EventCountry "DEN"]
[SourceTitle "EXT 1999"]
[Source "ChessBase"]
[SourceDate "1998.11.10"]

1. d4 Nf6 2. c4 d6 3. Nc3 Nbd7 4. Bg5 c6 5. Nf3 e5 6. e3 Qa5 7. Bxf6 Nxf6 8.
Be2 Be7 9. O-O O-O 10. a3 Bf5 11. b4 Qc7 12. Rc1 exd4 13. Nxd4 Bg6 14. Bf3 Nd7
15. Nb3 Rae8 16. Qd2 Ne5 17. Be2 Bf5 18. Nd4 Bc8 19. h3 Ng6 20. Rcd1 Rd8 21.
Qa2 Kh8 22. b5 f5 23. bxc6 bxc6 24. Bf3 Ne5 25. Bxc6 Qa5 26. Nd5 Bf6 27. Bb5
1-0

[Event "Aarhus Masters Open"]
[Site "Aarhus"]
[Date "1998.??.??"]
[Round "2"]
[White "Pedersen, Bjarne"]
[Black "Windelboe, Werner"]
[Result "1/2-1/2"]
[WhiteElo "2205"]
[BlackElo "2205"]
[PlyCount "35"]
[EventDate "1998.??.??"]
[EventType "swiss"]
[EventRounds "7"]
[EventCountry "DEN"]
[SourceTitle "EXT 1999"]
[Source "ChessBase"]
[SourceDate "1998.11.10"]

1. d4 g6 2. c4 Bg7 3. e4 d6 4. Nc3 Nc6 5. Be3 e5 6. d5 Nce7 7. g4 f5 8. f3 a6
9. h3 h5 10. gxf5 gxf5 11. Qd2 Ng6 12. O-O-O Bd7 13. exf5 Bxf5 14. Bd3 Qd7 15.
Nge2 O-O-O 16. Ng3 N6e7 17. Nxf5 Nxf5 18. Bg5 1/2-1/2